An introduction to teaching : psychological perspectives /

Basic processes. Contexts for learning. Teaching and classroom management. Assessment and evaluation.

Сохранить в:
Библиографические подробности
Формат:
Язык:English
Опубликовано: Oxford, UK ; Cambridge, Mass. : Blackwell, 1995.
Предметы:
Метки: Добавить метку
Нет меток, Требуется 1-ая метка записи!
Thư viện lưu trữ: Mạng thư viện Đại học Đà Nẵng
LEADER 01083cam a2200361 i 4500
001 000048139
003 7843
005 20030402102408.0
008 010319|1995 vm 000 eng
020 |a 0631187278 
040 |a IRC  |c IRC  |d IRC 
041 0 |a eng 
082 1 4 |a 370.15  |b In-T 
245 0 3 |a An introduction to teaching :  |b psychological perspectives /  |c Edited by Charles Desforges. 
260 |a Oxford, UK ; Cambridge, Mass. :  |b Blackwell,  |c 1995. 
300 |a vi, 354 p. :  |b ill. ;  |c 24.5cm. 
520 3 |a Basic processes. Contexts for learning. Teaching and classroom management. Assessment and evaluation. 
630 0 4 |a Education. 
630 0 4 |a Teaching. 
630 0 4 |a Educational psychology. 
650 0 4 |a Learning, Psychology of. 
650 0 4 |a Educational psychology. 
650 0 4 |a Teaching  |x Psychological aspects. 
OWN |a DUT 
999 |a From the UDN01 
TYP |a Monograph 
TYP |a Printed language 
980 |a Mạng thư viện Đại học Đà Nẵng